000 00391nam a2200145Ia 4500
008 231129s2008||||xx |||||||||||||| ||spa||
020 _a978-958-96618-1-9
040 _bspa
082 _aCo863 T153a
100 _aTamayo Giraldo Gildardo
245 0 _aLa aldea de las hadas y los héroes
260 _c2008
264 _aPrográficas
942 _2ddc
_cBKS
999 _c16384
_d16384